00502nmm a2200169Ia 4500008004100000020001800041041000800059100001400067245005400081264005900135300001700194490002300211650002300234856005100257942000700308999001700315251105s9999||||xx |||||||||||||||||und|| a9781617410727 aspa aCambridge 0a¿Quién vive en el mar? = Who lives in the sea? a[Madrid, España] :bRourke Educational Media, c2010 a16 páginas aRourke Board Books aAges 3-5 Years Old uhttps://public.digitaliapublishing.com/a/24575 cCF c75211d75211